| 000 | 00891nam a2200205 i 4500 | ||
|---|---|---|---|
| 001 | 152610 | ||
| 003 | ES-MaACL | ||
| 005 | 20251103200246.0 | ||
| 008 | 051014s1891 xxkaf |||| |beng d | ||
| 080 | _a75 Clovio, Giulio | ||
| 100 | 1 |
_aBradley, John W. _931260 |
|
| 245 | 1 | 4 |
_aThe life and works of Giorgio Giulio Clovio, miniaturist _b: with notices of his contemporaines and of the art of book decoration in the Sixteenth Century / _cby John W. Bradley ; with eighteen plates. |
| 260 |
_aLondon : _bBernard Quaritch, _c1891 ( _fG. Norman and Son) |
||
| 300 |
_aXXVIII, 400 p. , [18] h. de lám. : _bil. ; _c24 cm. |
||
| 530 | _aDisponible en formato digital. | ||
| 600 | 1 | 7 |
_aClovio, Giulio, _d1498-1578 _2 _9147983 |
| 852 |
_aES-MaACL _jG-4014 _z- Enc. hol. |
||
| 856 |
_uhttps://archive.org/details/lifeandworksgio00bradgoog/page/n8 _zInternet Archive |
||
| 999 |
_c152610 _d152610 |
||